000 00558cam a2200169 a 4500
020 _a9781107000131 (hardback)
020 _a1107000130 (hardback)
020 _a9780521165129 (pbk.)
020 _a0521165121 (pbk.)
050 0 0 _aQH91.8.B6
_bS64 2010
100 1 _aSnelgrove, Paul V. R.,
_d1962-
245 1 0 _aDiscoveries of the Census of marine life :
_bmaking ocean life count /
_cPaul V.R. Snelgrove.
260 _aCambridge ;
_aNew York :
_bCambridge University Press,
_c2010.
300 _axvi, 270 p. :
650 0 _xResearch
_xMethodology.
942 _cGEN
999 _c2111
_d2111